000 00369nam a2200169Ia 4500
008 240830s1999 xx 000 0 und d
041 _amar
082 _a1
100 _aGODBOLE V.
245 _aNIGHUNTURANTNAKAR-2
250 _a1
260 _aSANGAI
_bN.D.
_c1999
300 _a100p
440 _vII
906 _aNIGHUNTURANTNAKAR-2
999 _c1183959
_d1183959